Les métiers #2 - Statistiques

Statistiques générales
  • Ce quiz a été pris 296 fois
  • Le résultat moyen est 15 sur 20
Statistiques - réponses
Par images Réponse % Correct
Cuisinier
97%
Caissier
95%
Jardinier
93%
Journaliste
92%
Tatoueur
92%
Hôtesse de l'air
91%
Magicien
91%
Agent immobilier
86%
Bucheron
83%
Sage-femme
82%
Agent de sécurité
79%
Opticien
79%
Maçon
75%
Esthéticienne
61%
Acteur
58%
Orthophoniste
58%
Podologue
57%
Bibliothécaire
51%
Dieteticienne
40%
Vitrier
37%
Aucun quiz correspondant
Distribution des résultats
% des personnes avec chaque résultat
Percentile par nombre de réponses
Votre historique - résultats
Vous n’avez pas pris ce quiz